NLSUI OPAC header image

Nature of the judicial process (Record no. 28480)

MARC details
000 -LEADER
fixed length control field 00420nam a2200157Ia 4500
008 - FIXED-LENGTH DATA ELEMENTS--GENERAL INFORMATION
fixed length control field 160316s2011 xxu||||| |||| 00| 0 eng d
082 ## - DEWEY DECIMAL CLASSIFICATION NUMBER
Classification number 340.100000
Item number CAR
100 ## - MAIN ENTRY--PERSONAL NAME
Personal name Cardozo Benjamin N
245 ## - TITLE STATEMENT
Title Nature of the judicial process
250 ## - EDITION STATEMENT
Edition statement 9th
260 ## - PUBLICATION, DISTRIBUTION, ETC.
Place of publication, distribution, etc. New Delhi
Name of publisher, distributor, etc. Universal Law Publishers
Date of publication, distribution, etc. 2011
300 ## - PHYSICAL DESCRIPTION
Extent 180p
Other physical details
Dimensions
365 ## - TRADE PRICE
Price amount Rs.150
650 ## - SUBJECT ADDED ENTRY--TOPICAL TERM
Topical term or geographic name entry element 1.Legal Philosophy - Jurisprudence
700 ## - ADDED ENTRY--PERSONAL NAME
Personal name
--
Holdings
Withdrawn status Lost status Source of classification or shelving scheme Damaged status Not for loan Home library Current library Shelving location Date acquired Cost, normal purchase price Total Checkouts Total Renewals Full call number Barcode Date last seen Date last checked out Price effective from Koha item type
    Dewey Decimal Classification     . . General Stacks 30.05.2017 150.00 1 4 340.1 CAR 25916 19.04.2024 21.09.2021 30.05.2017 BOOKs